The impact of police response on intimate partner violence victims' social, emotional, and physical well-being: Results from the National Crime Victimization Survey

Saved in:  
Bibliographic Details
Authors: Gasik, Rayna E. (Author) ; Dunsiger, Shira (Author) ; Rosenthal, Samantha R. (Author) ; Pearlman, Deborah N. (Author)
Format: Electronic Article
Language:English
Published: 2023
In: Violence and victims
Year: 2023, Volume: 38, Issue: 2
Online Access: Volltext (lizenzpflichtig)
Check availability: HBZ Gateway

MARC

LEADER 00000caa a22000002c 4500
001 1912584131
003 DE-627
005 20250111055106.0
007 cr uuu---uuuuu
008 241217s2023 xx |||||o 00| ||eng c
024 7 |a 10.1891/VV-2021-0080  |2 doi 
035 |a (DE-627)1912584131 
035 |a (DE-599)KXP1912584131 
040 |a DE-627  |b ger  |c DE-627  |e rda 
041 |a eng 
084 |a 2,1  |2 ssgn 
100 1 |a Gasik, Rayna E.  |e VerfasserIn  |4 aut 
245 1 4 |a The impact of police response on intimate partner violence victims' social, emotional, and physical well-being: Results from the National Crime Victimization Survey 
264 1 |c 2023 
336 |a Text  |b txt  |2 rdacontent 
337 |a Computermedien  |b c  |2 rdamedia 
338 |a Online-Ressource  |b cr  |2 rdacarrier 
700 1 |a Dunsiger, Shira  |e VerfasserIn  |4 aut 
700 1 |a Rosenthal, Samantha R.  |e VerfasserIn  |4 aut 
700 1 |a Pearlman, Deborah N.  |e VerfasserIn  |4 aut 
773 0 8 |i Enthalten in  |t Violence and victims  |d New York, NY : Bernhard Springer Publ. Company, 1986  |g 38(2023), 2  |h Online-Ressource  |w (DE-627)481905855  |w (DE-600)2180581-7  |w (DE-576)272350435  |x 1945-7073  |7 nnas 
773 1 8 |g volume:38  |g year:2023  |g number:2 
787 0 8 |i Forschungsdaten  |a USA. Bureau of Justice Statistics  |t National Crime Victimization Survey, (United States), 2019  |d [Erscheinungsort nicht ermittelbar] : [Verlag nicht ermittelbar], 2020  |w (DE-627)1840038934 
787 0 8 |i Forschungsdaten  |a USA. Bureau of Justice Statistics  |t National Crime Victimization Survey, (United States), 2018  |d [Erscheinungsort nicht ermittelbar] : [Verlag nicht ermittelbar], 2020  |w (DE-627)1840039434 
787 0 8 |i Forschungsdaten  |a USA. Bureau of Justice Statistics  |t National Crime Victimization Survey, (United States), 2017  |d [Erscheinungsort nicht ermittelbar] : [Verlag nicht ermittelbar], 2019  |w (DE-627)1840039353 
787 0 8 |i Forschungsdaten  |a USA. Bureau of Justice Statistics  |t National Crime Victimization Survey, (United States), 2016  |d [Erscheinungsort nicht ermittelbar] : [Verlag nicht ermittelbar], 2017  |w (DE-627)1840039086 
787 0 8 |i Forschungsdaten  |a USA. Bureau of Justice Statistics  |t National Crime Victimization Survey, (United States), 2015  |d [Erscheinungsort nicht ermittelbar] : [Verlag nicht ermittelbar], 2016  |w (DE-627)1840039094 
787 0 8 |i Forschungsdaten  |a USA. Bureau of Justice Statistics  |t National Crime Victimization Survey, (United States), 2014  |d [Erscheinungsort nicht ermittelbar] : [Verlag nicht ermittelbar], 2015  |w (DE-627)1840039108 
787 0 8 |i Forschungsdaten  |a USA. Bureau of Justice Statistics  |t National Crime Victimization Survey, (United States), 2013  |d [Erscheinungsort nicht ermittelbar] : [Verlag nicht ermittelbar], 2014  |w (DE-627)1840038586 
787 0 8 |i Forschungsdaten  |a USA. Bureau of Justice Statistics  |t National Crime Victimization Survey, (United States), 2012  |d [Erscheinungsort nicht ermittelbar] : [Verlag nicht ermittelbar], 2013  |w (DE-627)184003856X 
787 0 8 |i Forschungsdaten  |a USA. Bureau of Justice Statistics  |t National Crime Victimization Survey, (United States), 2011  |d [Erscheinungsort nicht ermittelbar] : [Verlag nicht ermittelbar], 2012  |w (DE-627)1840038578 
787 0 8 |i Forschungsdaten  |a USA. Bureau of Justice Statistics  |t National Crime Victimization Survey, 2010  |d [Erscheinungsort nicht ermittelbar] : [Verlag nicht ermittelbar], 2011  |w (DE-627)1840049553 
856 4 0 |u https://doi.org/10.1891/VV-2021-0080  |x Resolving-System  |z lizenzpflichtig  |3 Volltext  |7 1 
935 |a mkri 
951 |a AR 
ELC |a 1 
LOK |0 000 xxxxxcx a22 zn 4500 
LOK |0 001 4637549639 
LOK |0 003 DE-627 
LOK |0 004 1912584131 
LOK |0 005 20241217044553 
LOK |0 008 241217||||||||||||||||ger||||||| 
LOK |0 035   |a (DE-2619)ICPSR168516 
LOK |0 040   |a DE-2619  |c DE-627  |d DE-2619 
LOK |0 092   |o n 
LOK |0 852   |a DE-2619 
LOK |0 852 1  |9 00 
LOK |0 935   |a nacp 
LOK |0 939   |a 17-12-24  |b l01 
ORI |a SA-MARC-krimdoka001.raw